000 00446nam a2200181Ia 4500
001 5062
005 20260306145840.0
008 260306t2006||||xx |||||||||||||| ||spa||
041 _aESP
082 _a332.678
_bK15 2006
100 _aKafka Kiener, Folke
_eAUT
245 0 _aEvaluación estratégica de proyectos de inversión
260 _c2006
300 _a444 páginas :
_c
650 _aGEN
654 _aCAN
942 _cLIB
_dJUS
_fJUS
_2ddc
_n
999 _c5062
_d5062